[Event "Avicenna op 12th"]
[Site "Hamedan"]
[Date "2015.09.05"]
[Round "6"]
[White "Khorshidi, Mohammadreza"]
[Black "Dalir, Alireza"]
[Result "0-1"]
[WhiteElo "2088"]
[BlackElo "2297"]
[PlyCount "112"]
[EventDate "2015.09.02"]
[EventType "swiss"]
[EventRounds "11"]
[EventCountry "IRI"]
[SourceTitle "EXT 2016"]
[Source "ChessBase"]
[SourceDate "2015.10.08"]
[SourceVersion "1"]
[SourceVersionDate "2015.10.08"]
[SourceQuality "1"]

1. e4 c5 2. c3 Nf6 3. e5 Nd5 4. d4 cxd4 5. Bc4 Nb6 6. Bb3 d5 7. cxd4 Nc6 8. Nc3 Bf5 9. Nge2 e6 10. a3 Be7 11. 0-0 Rc8 12. Ng3 Bg6 13. Nce2 Na5 14. Ba4+ Nxa4 15. Qxa4+ Nc6 16. Nf4 Qd7 17. Nxg6 hxg6 18. Qd1 Na5 19. f4 Qb5 20. Rf3 Rc7 21. Bd2 Nc4 22. Bc3 Kd7 23. a4 Qb6 24. Qe1 Rhc8 25. Ne2 Qa6 26. b4 b6 27. g4 b5 28. axb5 Qxb5 29. Nc1 a5 30. Nd3 axb4 31. Bxb4 Nb2 32. Nc5+ Bxc5 33. Bxc5 Nd3 34. Qf1 Rxc5 35. dxc5 Qxc5+ 36. Kh1 Nb4 37. f5 d4 38. fxe6+ Kxe6 39. Rxf7 d3 40. Raa7 d2 41. Rf6+ gxf6 42. Qxf6+ Kd5 43. Rd7+ Kc4 44. Rxd2 Rf8 45. Qxg6 Rf1+ 46. Kg2 Qg1+ 47. Kh3 Qe3+ 48. Kh4 Qxd2 49. Qe4+ Kb3 50. Kh5 Re1 51. Qf3+ Re3 52. Qf7+ Kb2 53. h4 Rxe5+ 54. g5 Nd5 55. Kh6 Ne7 56. Qf6 Ng8+ 0-1

[Event "Tehran Alborz op 1st"]
[Site "Tehran"]
[Date "2014.03.07"]
[Round "3"]
[White "Khorshidi, Mohammadreza"]
[Black "Ghorbani, Mohsen"]
[Result "0-1"]
[WhiteElo "2090"]
[BlackElo "2300"]
[PlyCount "134"]
[EventDate "2014.03.06"]
[EventType "swiss"]
[EventRounds "11"]
[EventCountry "IRI"]
[SourceTitle "CBM 159 Extra"]
[Source "ChessBase"]
[SourceDate "2014.04.24"]
[SourceVersion "1"]
[SourceVersionDate "2014.04.24"]
[SourceQuality "1"]

1. e4 c6 2. d4 d6 3. f4 g6 4. Nf3 Bg7 5. Bd3 d5 6. c3 dxe4 7. Bxe4 Nf6 8. Bc2 0-0 9. 0-0 Bf5 10. Bb3 Na6 11. Re1 Nc7 12. Nbd2 Ncd5 13. Nc4 Qc7 14. Nce5 Rad8 15. Qe2 Bc8 16. c4 Nb6 17. Bd2 Ng4 18. Bc3 Nxe5 19. fxe5 Bg4 20. h3 Bxf3 21. Qxf3 e6 22. Bb4 Rxd4 23. Bxf8 Bxf8 24. Kh1 c5 25. Rad1 Rxd1 26. Rxd1 Bg7 27. Qd3 Bxe5 28. Qd8+ Qxd8 29. Rxd8+ Kg7 30. Kg1 Kf6 31. Kf1 Ke7 32. Rd2 h5 33. a3 a5 34. Rc2 h4 35. Rd2 Bd4 36. Ke2 e5 37. Kd3 f5 38. Kc2 Nd7 39. Kb1 Nf8 40. Bd1 Ne6 41. Ka2 Kd6 42. Kb3 Kc7 43. Ka4 b6 44. Be2 Nf4 45. Bf1 Nh5 46. Rc2 e4 47. b4 axb4 48. axb4 Nf4 49. bxc5 Bxc5 50. Kb3 Kd6 51. Kc3 Ke5 52. Rd2 g5 53. Rd8 Nh5 54. Kd2 Ng3 55. Be2 Kf4 56. Rd5 Bb4+ 57. Kd1 Ke3 58. Rb5 Bc5 59. Ke1 Kd4 60. Rb1 f4 61. Rc1 Nf5 62. Rd1+ Ke3 63. Rd5 Ng3 64. Bg4 f3 65. gxf3 exf3 66. Bxf3 Kxf3 67. Rxg5 Kg2 0-1

[Event "Fajr op 20th"]
[Site "Tabriz"]
[Date "2012.01.15"]
[Round "5"]
[White "Abdulov, Orkhan Javanshir"]
[Black "Khorshidi, Mohammadreza"]
[Result "1/2-1/2"]
[WhiteElo "2429"]
[BlackElo "2128"]
[PlyCount "77"]
[EventDate "2012.01.12"]
[EventType "swiss"]
[EventRounds "11"]
[EventCountry "IRI"]
[SourceTitle "CBM 146 Extra"]
[Source "ChessBase"]
[SourceDate "2012.02.29"]
[SourceVersion "1"]
[SourceVersionDate "2012.02.29"]
[SourceQuality "1"]

1. e4 e5 2. Nf3 Nc6 3. Bb5 a6 4. Ba4 Nf6 5. 0-0 Be7 6. Re1 b5 7. Bb3 d6 8. h3 Na5 9. d3 Nxb3 10. axb3 0-0 11. d4 Bb7 12. Nc3 Nd7 13. Nd5 f5 14. dxe5 fxe4 15. Nxe7+ Qxe7 16. Ng5 Qxe5 17. Qg4 Nf6 18. Qe6+ Qxe6 19. Nxe6 Rf7 20. c4 Re8 21. Nd4 bxc4 22. bxc4 Nd7 23. Be3 Ne5 24. Rec1 Nd3 25. Rcb1 c5 26. Nc2 Ref8 27. b4 cxb4 28. Nxb4 Nxf2 29. c5 Nd3 30. cxd6 Rd8 31. Nxa6 Rxd6 32. Nc5 Nxc5 33. Bxc5 Rd8 34. Ra7 Bc6 35. Rxf7 Kxf7 36. Rb6 Rc8 37. Kf2 Ke8 38. Bd4 g6 39. Ra6 1/2-1/2

[Event "Fajr op 20th"]
[Site "Tabriz"]
[Date "2012.01.13"]
[Round "2"]
[White "Khorshidi, Mohammadreza"]
[Black "Kovalev, Andrei"]
[Result "0-1"]
[WhiteElo "2128"]
[BlackElo "2517"]
[PlyCount "82"]
[EventDate "2012.01.12"]
[EventType "swiss"]
[EventRounds "11"]
[EventCountry "IRI"]
[SourceTitle "CBM 146 Extra"]
[Source "ChessBase"]
[SourceDate "2012.02.29"]
[SourceVersion "1"]
[SourceVersionDate "2012.02.29"]
[SourceQuality "1"]

1. e4 c5 2. c3 e6 3. d4 d5 4. exd5 exd5 5. Nf3 a6 6. Be3 c4 7. b3 cxb3 8. Qxb3 Nc6 9. Nbd2 Nf6 10. Bd3 Bd6 11. 0-0 h6 12. c4 0-0 13. c5 Bc7 14. h3 Nh5 15. Rfe1 Nf4 16. Bf1 Qf6 17. Rad1 Rd8 18. Nb1 Nxh3+ 19. gxh3 Qxf3 20. Bg2 Qh5 21. Bc1 Rb8 22. Qe3 Be6 23. Nc3 Ne7 24. Qf3 Qh4 25. Ne2 Ng6 26. Rd3 Re8 27. Re3 Qd8 28. Ng3 Qd7 29. Bd2 Bf4 30. Rxe6 Rxe6 31. Rxe6 fxe6 32. Bxf4 Rf8 33. Nh5 Nxf4 34. Nxf4 g5 35. Qh5 gxf4 36. Qg6+ Qg7 37. Qxe6+ Kh8 38. f3 Qxd4+ 39. Kh2 Qg7 40. Qxd5 Re8 41. Bf1 Rg8 0-1

[Event "Armen Norouz Cup 1st"]
[Site "Esfahan"]
[Date "2011.03.30"]
[Round "8"]
[White "Khorshidi, Mohammadreza"]
[Black "Naderi, Mohmmad Javad"]
[Result "1-0"]
[WhiteElo "2130"]
[BlackElo "2084"]
[PlyCount "99"]
[EventDate "2011.03.25"]
[EventType "swiss"]
[EventRounds "9"]
[EventCountry "IRI"]
[SourceTitle "CBM 141 Extra"]
[Source "ChessBase"]
[SourceDate "2011.05.03"]
[SourceVersion "1"]
[SourceVersionDate "2011.05.03"]
[SourceQuality "1"]

1. e4 c5 2. c3 d5 3. exd5 Qxd5 4. d4 Nf6 5. Nf3 e6 6. Bd3 cxd4 7. cxd4 Be7 8. Nc3 Qd6 9. 0-0 0-0 10. Re1 Nc6 11. Bg5 Nb4 12. Bb1 b6 13. a3 Nbd5 14. Qd3 g6 15. Ne5 Bb7 16. Qh3 Rac8 17. Nb5 Qb8 18. Bh6 Rfd8 19. Ba2 a6 20. Nxf7 Kxf7 21. Qxe6+ Ke8 22. Bxd5 Nxd5 23. Bg5 Rc6 24. Qg8+ Kd7 25. Qxd5+ Kc8 26. Rxe7 Rxd5 27. Re8+ Kd7 28. Rxb8 Rxg5 29. Rxb7+ Kc8 30. Rxh7 Rxb5 31. b4 a5 32. bxa5 Rxa5 33. Rh3 Rc2 34. Rd3 Rf5 35. Rf1 Kd7 36. g4 Rb5 37. Kg2 Kd6 38. d5 Rxd5 39. Rxd5+ Kxd5 40. Rd1+ Kc5 41. Rd3 b5 42. h4 Kc4 43. Rd6 Ra2 44. Rxg6 Rxa3 45. Rb6 b4 46. h5 Kc5 47. Rb8 Ra6 48. g5 Rb6 49. Rxb6 Kxb6 50. h6 1-0

[Event "Armen Norouz Cup 1st"]
[Site "Esfahan"]
[Date "2011.03.29"]
[Round "7"]
[White "Lorparizangeneh, Shahin"]
[Black "Khorshidi, Mohammadreza"]
[Result "1/2-1/2"]
[WhiteElo "2044"]
[BlackElo "2130"]
[PlyCount "112"]
[EventDate "2011.03.25"]
[EventType "swiss"]
[EventRounds "9"]
[EventCountry "IRI"]
[SourceTitle "CBM 141 Extra"]
[Source "ChessBase"]
[SourceDate "2011.05.03"]
[SourceVersion "1"]
[SourceVersionDate "2011.05.03"]
[SourceQuality "1"]

1. d4 Nf6 2. c4 e6 3. Nc3 d5 4. cxd5 exd5 5. Bg5 Nbd7 6. e3 c6 7. Qc2 Be7 8. Bd3 0-0 9. Nf3 g6 10. 0-0 Nh5 11. Bh6 Re8 12. h3 Ng7 13. g4 Nf8 14. Rae1 f5 15. Nh2 fxg4 16. hxg4 Bd6 17. f4 Qh4 18. Bxg7 Kxg7 19. Qf2 Qxf2+ 20. Rxf2 Ne6 21. Ree2 b5 22. Rc2 Bd7 23. Kg2 Rf8 24. f5 Ng5 25. Nf3 Nxf3 26. Rxf3 b4 27. Na4 Rae8 28. Rcf2 Be7 29. Re2 h5 30. gxh5 Bxf5 31. Bxf5 Rxf5 32. hxg6 Rg5+ 33. Rg3 Kxg6 34. e4 Rxg3+ 35. Kxg3 Kg5 36. exd5 Bd6+ 37. Kf3 Rxe2 38. Kxe2 cxd5 39. Kd3 Kf5 40. b3 Kf4 41. Nc5 Bxc5 42. dxc5 Ke5 43. Ke3 a6 44. Kd3 a5 45. Ke3 d4+ 46. Kd3 Kd5 47. c6 Kxc6 48. Kxd4 Kb5 49. Kd5 Kb6 50. Kd6 a4 51. Kd5 Kb5 52. Kd4 axb3 53. axb3 Kc6 54. Kc4 Kc7 55. Kc5 Kb7 56. Kxb4 Kb6 1/2-1/2

[Event "Urumia op 2nd"]
[Site "Urumia"]
[Date "2008.08.30"]
[Round "8"]
[White "Noroozi, Omid"]
[Black "Khorshidi, Mohammadreza"]
[Result "1-0"]
[WhiteElo "2290"]
[BlackElo "2117"]
[PlyCount "73"]
[EventDate "2008.08.26"]
[EventType "swiss"]
[EventRounds "10"]
[EventCountry "IRI"]
[SourceTitle "CBM 126 Extra"]
[Source "ChessBase"]
[SourceDate "2008.11.05"]
[SourceVersion "1"]
[SourceVersionDate "2008.11.05"]
[SourceQuality "1"]

1. c4 Nf6 2. Nc3 e6 3. e4 d5 4. cxd5 exd5 5. e5 d4 6. exf6 dxc3 7. Bb5+ c6 8. Qe2+ Be6 9. Bc4 cxd2+ 10. Bxd2 Qxf6 11. Nf3 Be7 12. 0-0-0 0-0 13. Bg5 Qf5 14. Bxe7 Qf4+ 15. Nd2 Re8 16. Bxe6 Rxe7 17. Qc4 Qc7 18. Bg4 b5 19. Qc2 Na6 20. Bf3 Rae8 21. Kb1 c5 22. Ne4 c4 23. Nd6 Rb8 24. Qc3 Nc5 25. Nf5 Re5 26. Rd5 Rbe8 27. Rhd1 f6 28. Nd6 Na4 29. Qc2 Rb8 30. Rxe5 fxe5 31. Bd5+ Kh8 32. Nf7+ Kg8 33. Nxe5+ Kh8 34. Nf7+ Kg8 35. Ng5+ Kf8 36. Qf5+ Ke7 37. Qe6+ 1-0

[Event "Fajr op 11th"]
[Site "Tehran"]
[Date "2003.03.01"]
[Round "3"]
[White "Khorshidi, Mohammadreza"]
[Black "Shaarbaf, Mohsen"]
[Result "0-1"]
[WhiteElo "2170"]
[BlackElo "2252"]
[PlyCount "100"]
[EventDate "2003.02.27"]
[EventType "swiss"]
[EventRounds "9"]
[EventCountry "IRI"]
[SourceTitle "CBM 093 Extra"]
[Source "ChessBase"]
[SourceDate "2003.05.09"]
[SourceVersion "1"]
[SourceVersionDate "2003.05.09"]
[SourceQuality "1"]

1. e4 c5 2. Nf3 Nc6 3. Bb5 g6 4. 0-0 Bg7 5. Re1 e5 6. Bxc6 dxc6 7. d3 Ne7 8. b3 Bg4 9. Nbd2 0-0 10. Bb2 Qc7 11. Nc4 f6 12. a4 g5 13. Ne3 Be6 14. Nd2 b6 15. Ndf1 Qd7 16. Ng3 Rad8 17. Qh5 h6 18. h3 Rf7 19. Qf3 f5 20. exf5 Nxf5 21. Nexf5 Bxf5 22. Nxf5 Rxf5 23. Qg3 Rdf8 24. f3 Rf4 25. Re3 e4 26. Bxg7 Qxg7 27. Rae1 exf3 28. Rxf3 Rxf3 29. gxf3 Qc3 30. Re2 Rf4 31. Kg2 Qf6 32. h4 Qf5 33. hxg5 hxg5 34. Re4 Kf7 35. Kf2 Qf6 36. Ke3 Rf5 37. Ke2 Rf4 38. Qh3 Rxe4+ 39. dxe4 Kg6 40. Qd7 Qc3 41. Qxc6+ Kh5 42. Qe8+ Kh4 43. Qb5 Qxc2+ 44. Ke3 Qc1+ 45. Kf2 Qb2+ 46. Qe2 Qxb3 47. e5 Qe6 48. Qe4+ Kh5 49. Qh7+ Qh6 50. Qf7+ Kh4 0-1